Länder mit den meisten giftigen Tierarten - Statistiken

Allgemein
  • Dieses Quiz wurde 581 mal gespielt
  • Das Durchschnittsergebnis liegt bei 12 aus 18
Antwortstatistiken
# Land % Korrekt
66 Australien
99%
75 Brasilien
93%
36 Vereinigte Staaten
84%
60 Indien
81%
80 Mexiko
79%
59 Indonesien
74%
53 Kolumbien
72%
49 Thailand
69%
36 Venezuela
68%
47 Peru
67%
37 Südafrika
61%
50 Vietnam
59%
47 Ecuador
54%
38 Malaysia
52%
48 Myanmar
44%
34 Papua-Neuguinea
41%
34 Kenia
37%
38 Iran
31%
Keine übereinstimmenden Quizze gefunden
Verteilung der Resultate
Anzahl Personen mit jedem Resultat
Perzentil nach korrekt beantworteten Fragen
Ihre Resultats-Entwicklung
Sie haben dieses Quiz noch nicht gespielt